JOURNAL OF SOIL SCIENCE (Record no. 10055)
[ view plain ]
| 000 -LEADER | |
|---|---|
| fixed length control field | 00406nam a2200145Ia 4500 |
| 022 ## - INTERNATIONAL STANDARD SERIAL NUMBER | |
| ISSN | 0022-4588 |
| 245 #0 - TITLE STATEMENT | |
| Title | JOURNAL OF SOIL SCIENCE |
| 260 ## - PUBLICATION, DISTRIBUTION, ETC. (IMPRINT) | |
| Name of publisher | Blackwell Scientific Publishers, England |
| Place of publication | UK |
| 310 ## - CURRENT PUBLICATION FREQUENCY | |
| Current publication frequency | Q |
| 500 ## - GENERAL NOTE | |
| General note | Ending Volume & Year: 44, 1993 |
| 500 ## - GENERAL NOTE | |
| General note | Missing Volume: 29(3) |
| 500 ## - GENERAL NOTE | |
| General note | Starting Volume & Year: 29, 1978 |
| 942 ## - ADDED ENTRY ELEMENTS (KOHA) | |
| Koha item type | Bound Journal |
| Withdrawn status | Lost status | Damaged status | Not for loan | Home library | Current library | Date acquired | Accession Number | Koha item type |
|---|---|---|---|---|---|---|---|---|
| Bound journals | RRII Library | RRII Library | 31/12/2021 | 09992J | Bound Journal |